| 000 | 00370nam a2200121 4500 | ||
|---|---|---|---|
| 999 |
_c12335 _d12335 |
||
| 008 | 190123b ||||| |||| 00| 0 eng d | ||
| 100 |
_934840 _aCrismundo, Mike U. |
||
| 245 |
_aHIV on the rise; dengue incidence down in Caraga/ _cMike U. Crismundo |
||
| 260 |
_aPhilippines _bManila Bulletin _cc2018 |
||
| 300 | _apage 12. | ||
| 650 | 0 |
_934841 _aAIDS/HIV. |
|
| 942 |
_2ddc _cPER |
||